Tyrese Maxey - Statistics

General Stats
  • This quiz has been taken 118 times
  • The average score is 10 of 15
Answer Stats
Hint Answer % Correct
What number does he wear 0
99%
What year was he drafted 2020
99%
What number did he wear in college 3
91%
What other sport did he play in high school Football
89%
What college did he attend Kentucky
81%
What is the most 3 pointers he has made in an NBA game 9
79%
What is his career high in points 44
73%
How many points did he average in the 21-22 season 17
71%
What did he do when the sixers drafted him Cry
57%
What state was he born in Texas
56%
What type of shot is he known for Floater
44%
What is his nickname Mad Max
37%
What is his middle name Kendrid
31%
What is his dog's name Apollo
29%
Who was his favorite player as a kid Dwayne Wade
21%
No matching quizzes found
Score Distribution
Percent of People with Each Score
Percentile by Number Answered
Your Score History
You have not taken this quiz